Państwa z największą liczbą granic z mapą - Statystyki

Ogólne statystyki
  • Ten quiz został rozwiązany 23 razy
  • Średni wynik to 11 z 14
Odpowiedzi na mapie
Odpowiedzi zakodowano w zielono-czerwonej skali na mapie do tego quizu, zgodnie z poniższymi procentami.
 
Statystyki odpowiedzi
Liczba granic Państwo % Poprawnych
14 Chiny
100%
14 Rosja
100%
10 Brazylia
95%
9 Demokratyczna Republika Konga
89%
8 Francja
89%
9 Niemcy
89%
7 Polska
79%
8 Austria
74%
7 Iran
68%
7 Węgry
68%
8 Serbia
63%
8 Turcja
53%
7 Ukraina
53%
8 Tanzania
32%
Nie znaleziono quizów pasujących do podanych kryteriów
Rozkład punktacji
Procent ludzi z każdym wynikiem
Percentyl według liczby udzielonych odpowiedzi
Twoja historia wyników
Nie rozwiązałeś tego quizu